| 000 | 00681cam a22002294a 4500 | ||
|---|---|---|---|
| 001 | 14405414 | ||
| 005 | 20250327152442.0 | ||
| 008 | 060608s2006 enka b 001 0 eng | ||
| 020 | _a027370642X | ||
| 020 | _a9780273706427 | ||
| 050 | 0 | 0 |
_aHB615 _b.W535 2006 |
| 082 | 0 | 0 |
_a658.4/21 _222 |
| 100 | 1 | _aWickham, Philip A. | |
| 245 | 1 | 0 |
_aStrategic entrepreneurship / _cPhilip A. Wickham. |
| 250 | _a4th ed. | ||
| 260 |
_aHarlow, England ; _aNew York : _bFinancial Times Prentice Hall, _c2006. |
||
| 300 |
_axxxiv, 613 p. : _bill. ; _c25 cm. |
||
| 650 | 0 | _aEntrepreneurship. | |
| 650 | 0 |
_aNew business enterprises _xManagement. |
|
| 650 | 0 | _aDecision making. | |
| 942 |
_2lcc _cBK _n0 |
||
| 999 |
_c5259 _d5259 |
||